000 00817nam a2200265 a 4500
001 BRCA_5511
005 20190320205118.0
008 030211s1941----enka######---#000-0#eng-#
041 _aeng
044 _aenk
050 4 _aN1070
_b.M66 1
_c1941
245 1 0 _aMore details from pictures in the National Gallery
_cwith an introduction by Kenneth Clark.
260 _aLondres
_bHarrison
_c1941
300 _axi p.
_bil., 100 láminas
_c33 cm.
500 _aIncluye lista de obras
500 _aEstado físico: Camisa deteriorada
500 _aEjemplar igual a O203
500 _aE180
610 2 4 _aNational Gallery (Londres)
_914025
650 1 4 _aPinturas
_vExposiciones
_zLondres
_914026
650 1 4 _aGalerías y museos
_zInglaterra
_914081
700 1 _aClark, Kenneth
_96038
902 _aGFM
942 _2lcc
_cB
999 _c5205
_d5205